000 00411nam a2200169Ia 4500
005 20250423095039.0
008 250422s9999 xx 000 0 und d
020 _a9783781901
050 _aP 87.5 .I34/
245 0 _aDictionary of mass communication
260 _aOwerri, Nigeria
260 _bEl ‘demak Ltd.
260 _c2005
300 _a263 p
650 _aMass media--Dictionaries.
942 _cBK
999 _c29080
_d29080